[Event "Bonn GSK-3"]
[Site "Bonn"]
[Date "1996.??.??"]
[Round "?"]
[White "Seul, Georg"]
[Black "Ruzele, Darius"]
[Result "1/2-1/2"]
[WhiteElo "2445"]
[BlackElo "2520"]
[PlyCount "54"]
[EventDate "1996.08.??"]
[Source "ChessBase"]

1. e4 c6 2. d4 d5 3. exd5 cxd5 4. Bd3 Nc6 5. c3 Nf6 6. Bf4 Bg4 7. Qb3 Qc8 8. Nd2 e6 9. Ngf3 Be7 10. O-O Bh5 11. Ne5 Nxe5 12. dxe5 Nd7 13. Qc2 Bg6 14. Bxg6 hxg6 15. Qd3 Qc6 16. Nf3 Rc8 17. Be3 Qc4 18. Qd2 Qa6 19. Bd4 Nb8 20. Qe3 Nc6 21. Bc5 Bxc5 22. Qxc5 Ne7 23. Qe3 Nf5 24. Qd2 Nh4 25. Nd4 Nf5 26. Nf3 Nh4 27. Nd4 Nf5 1/2-1/2

[Event "JUG-ch"]
[Site "Tivat"]
[Date "1994.??.??"]
[Round "3"]
[White "Nikolic, Zivoslav"]
[Black "Ivanovic, Bozidar"]
[Result "0-1"]
[WhiteElo "2485"]
[BlackElo "2480"]
[PlyCount "106"]
[EventDate "1994.03.??"]
[Source "ChessBase"]

1. e4 c6 2. d4 d5 3. exd5 cxd5 4. Bd3 Nf6 5. c3 Nc6 6. Bf4 g6 7. Nd2 Bg7 8. Ngf3 Nh5 9. Be3 O-O 10. O-O f5 11. Nb3 f4 12. Bc1 Qd6 13. Be2 Nf6 14. Nc5 b6 15. Nd3 Ne4 16. Re1 g5 17. Bf1 Bg4 18. Qb3 e6 19. a4 Bh5 20. Qa3 Qc7 21. Nd2 Bg6 22. Nb4 Nxb4 23. Qxb4 g4 24. f3 Nxd2 25. Bxd2 Bf5 26. Be2 g3 27. h3 e5 28. dxe5 Bxe5 29. Qb5 Rad8 30. Bd3 a6 31. Qxa6 Qc5+ 32. Kh1 Bxh3 33. Re2 Bc8 34. Qb5 Qd6 35. Rxe5 Qxe5 36. Qxb6 Rd6 37. Qd4 Rh6+ 38. Kg1 Qg5 39. c4 Qh4 40. Kf1 Qh1+ 41. Qg1 Bf5 42. Bxf5 Rxf5 43. Ke2 Re5+ 44. Kd3 dxc4+ 45. Kxc4 Qh5 46. Qd4 Qf7+ 47. Kc3 Rc6+ 48. Kb4 Rd5 49. Qxf4 Rxd2 50. Qxg3+ Rg6 51. Qb8+ Qf8+ 52. Qxf8+ Kxf8 53. b3 Rgxg2 0-1

[Event "JUG-ch"]
[Site "Novi Sad"]
[Date "1995.??.??"]
[Round "?"]
[White "Nikolic, Zivoslav"]
[Black "Simic, Radoslav"]
[Result "1/2-1/2"]
[WhiteElo "2480"]
[BlackElo "2485"]
[PlyCount "20"]
[EventDate "1995.02.??"]
[Source "ChessBase"]

1. e4 c6 2. d4 d5 3. exd5 cxd5 4. Bd3 Nc6 5. c3 Nf6 6. Bf4 Bg4 7. Qb3 Qd7 8. Nd2 e6 9. Ngf3 Bxf3 10. Nxf3 Bd6 1/2-1/2

[Event "CZE Team Ch 9495"]
[Site "Czech Republic"]
[Date "1995.??.??"]
[Round "9"]
[White "Nun, Jiri"]
[Black "Rogers, Ian"]
[Result "0-1"]
[WhiteElo "2385"]
[BlackElo "2570"]
[PlyCount "118"]
[EventDate "1994.??.??"]
[Source "www.chesslib.no"]
[SourceDate "2004.05.04"]

1. e4 c6 2. d4 d5 3. exd5 cxd5 4. Bd3 Nc6 5. c3 Nf6 6. Bf4 g6 7. h3 Bg7 8. Nf3 O-O 9. O-O Bf5 10. Bxf5 gxf5 11. Ne5 e6 12. Nd2 Ne7 13. Re1 Ng6 14. Bh2 Ne4 15. Nd3 Bh6 16. Nf3 f6 17. Re2 b6 18. Qb3 Rc8 19. Kh1 Qd7 20. Rae1 Kh8 21. Ng1 Rfe8 22. f3 Nd2 23. Qd1 Nc4 24. f4 Nd6 25. Nf3 Ne4 26. g4 fxg4 27. hxg4 Bg7 28. Rg2 Rf8 29. Reg1 a5 30. Qe1 Qb5 31. Nf2 f5 32. gxf5 exf5 33. Nxe4 dxe4 34. Ng5 Rf6 35. Qd1 Bh6 36. Nh3 Nh4 37. Re2 Qd5 38. Re3 Nf3 39. Rg2 Rg6 40. Rxg6 hxg6 41. a3 Kg7 42. Bg3 b5 43. Ng1 Ne5 44. Qf1 Rh8 45. Kg2 Ng4 46. Re1 Rc8 47. Qe2 Kg8 48. Nh3 Bg7 49. Ng5 Bf6 50. Bh4 Rc7 51. Kg3 Bxg5 52. Bxg5 Rh7 53. a4 e3 54. Bh4 g5 55. fxg5 Qd6+ 56. Kh3 Nf2+ 57. Kg2 Rxh4 58. Qxe3 Qh2+ 59. Kf1 Ne4 0-1

[Event "Lone Pine op"]
[Site "Lone Pine"]
[Date "1978.??.??"]
[Round "7"]
[White "Peters, John A"]
[Black "Lein, Anatoly"]
[Result "1/2-1/2"]
[WhiteElo "2430"]
[BlackElo "2525"]
[PlyCount "40"]
[EventDate "1978.04.??"]
[Source "ChessBase"]

1. e4 c6 2. d4 d5 3. exd5 cxd5 4. Bd3 Nc6 5. c3 Nf6 6. Bf4 Bg4 7. Qb3 Qb6 8. Nd2 e6 9. Ne2 Bh5 10. Bg3 Bg6 11. Nf4 Bxd3 12. Nxd3 Be7 13. O-O O-O 14. Qd1 Rac8 15. Bh4 Nd7 16. Qg4 Qd8 17. Bxe7 Nxe7 18. Rfe1 Nf5 19. Qe2 Nd6 20. Rad1 Re8 1/2-1/2

[Event "Santo Domingo"]
[Site "?"]
[Date "2006.11.01"]
[Round "3"]
[White "Ehlvest Jaan"]
[Black "Gersov Evgeny"]
[Result "1-0"]
[WhiteElo "2597"]
[BlackElo "2353"]
[PlyCount "97"]
[EventDate "2006.??.??"]
[Source "www.chesslib.no"]
[SourceDate "2004.05.04"]

1. e4 c6 2. d4 d5 3. exd5 cxd5 4. Bd3 Nc6 5. c3 Nf6 6. Bf4 Bg4 7. Qb3 Na5 8. Qa4+ Bd7 9. Qc2 Rc8 10. Nd2 Qb6 11. a4 Nc6 12. Qb3 Qxb3 13. Nxb3 Nh5 14. Be3 e6 15. Nf3 Bd6 16. Nc5 Rc7 17. Nxd7 Rxd7 18. Ne5 Rc7 19. Be2 Nf6 20. Nd3 Na5 21. f3 Nd7 22. Bd1 O-O 23. O-O Nc4 24. Bf2 b6 25. Re1 Re8 26. Rc1 Kf8 27. Rc2 Nb8 28. g4 Nc6 29. f4 h6 30. Bf3 Ne7 31. Rce2 Rd8 32. Bh4 Rdc8 33. Rf1 Ng6 34. Bg3 Ne7 35. Bg2 Kg8 36. f5 exf5 37. gxf5 Bxg3 38. hxg3 Nd6 39. f6 Nef5 40. Kh2 g6 41. g4 Nh4 42. Bxd5 Re8 43. Rxe8+ Nxe8 44. Ne5 Kf8 45. c4 g5 46. b4 Ng6 47. Nxg6+ fxg6 48. f7 Nd6 49. Rf6 1-0

[Event "ROM-chT"]
[Site "?"]
[Date "1998.??.??"]
[Round "1"]
[White "Lupu Mircea Sergiu"]
[Black "Negulescu Adrian"]
[Result "1-0"]
[WhiteElo "2505"]
[BlackElo "2445"]
[PlyCount "97"]
[EventDate "1998.??.??"]
[Source "www.chesslib.no"]
[SourceDate "2004.05.04"]

1. e4 c6 2. d4 d5 3. exd5 cxd5 4. Bd3 Nc6 5. c3 Nf6 6. Bf4 g6 7. Nf3 Bg7 8. O-O O-O 9. Qb3 b6 10. Ne5 Nxe5 11. Bxe5 Bf5 12. Ba6 Bc8 13. Be2 Ne4 14. Bxg7 Kxg7 15. Re1 Nf6 16. Nd2 a5 17. Bd3 Ba6 18. Bb1 Qd6 19. Nf3 b5 20. Ne5 b4 21. cxb4 Rfb8 22. a3 axb4 23. a4 Nd7 24. Ba2 e6 25. Qf3 Nxe5 26. dxe5 Qe7 27. Rec1 Rc8 28. Qf4 h6 29. h4 g5 30. Qg4 Bd3 31. Bb3 Bf5 32. Qg3 d4 33. Rxc8 Rxc8 34. a5 d3 35. a6 Bg6 36. hxg5 Qxg5 37. Qxg5 hxg5 38. a7 Be4 39. f3 Ba8 40. Kf2 d2 41. Ke2 Rc1 42. Ra4 Rg1 43. Rxb4 Rxg2+ 44. Ke3 Rg3 45. Bd1 Bxf3 46. Kf2 Rh3 47. Rb3 g4 48. Rxf3 Rxf3+ 49. Kg2 1-0

[Event "Bohemians"]
[Site "Prague"]
[Date "1985.??.??"]
[Round "?"]
[White "Mokry, Karel"]
[Black "Meduna, Eduard"]
[Result "1/2-1/2"]
[WhiteElo "2490"]
[BlackElo "2460"]
[PlyCount "23"]
[EventDate "1985.01.??"]
[Source "ChessBase"]

1. e4 c6 2. d4 d5 3. exd5 cxd5 4. Bd3 Nf6 5. c3 Nc6 6. Bf4 Bg4 7. Qb3 Qc8 8. Nd2 e6 9. Ngf3 Be7 10. h3 Bxf3 11. Nxf3 O-O 12. O-O 1/2-1/2

[Event "Rijeka 1st"]
[Site "Rijeka"]
[Date "2001.??.??"]
[Round "8"]
[White "Inkiov, Ventzislav"]
[Black "Zelcic, Robert"]
[Result "1/2-1/2"]
[WhiteElo "2448"]
[BlackElo "2500"]
[PlyCount "154"]
[EventDate "2001.01.20"]
[Source "ChessBase"]
[SourceDate "2001.03.08"]

1. e4 c6 2. d4 d5 3. exd5 cxd5 4. Bd3 Nc6 5. c3 Nf6 6. Bf4 Bg4 7. Qb3 Qd7 8. Nd2 e6 9. Ngf3 Bxf3 10. Nxf3 Bd6 11. Bxd6 Qxd6 12. O-O O-O 13. Rfe1 Qc7 14. Qc2 Rfc8 15. Qe2 a6 16. a4 Nd7 17. Ng5 Nf6 18. Nf3 Re8 19. Ne5 Nxe5 20. dxe5 Nd7 21. Qh5 f5 22. exf6 Nxf6 23. Qg5 e5 24. Qg3 Qe7 25. Rad1 Rad8 26. Bc2 b5 27. axb5 axb5 28. b4 Kh8 29. Re3 e4 30. h3 Rf8 31. Qg5 h6 32. Qh4 Qe5 33. Qg3 Qxg3 34. Rxg3 Ra8 35. Re3 Ra2 36. Bb3 Rb2 37. Bxd5 Rd8 38. Bb3 Rxd1+ 39. Bxd1 Rb1 40. Re1 Nd5 41. Kf1 Nxc3 42. Bc2 Rxb4 43. f3 Rd4 44. fxe4 Rd2 45. Bb3 Rb2 46. Be6 g5 47. e5 Kg7 48. Ra1 Ne2 49. Ra7+ Kf8 50. Bg4 Ng3+ 51. Ke1 h5 52. Bf3 Rc2 53. e6 Rc5 54. Kf2 Nh1+ 55. Kg1 Ng3 56. Kf2 Nh1+ 57. Ke3 Re5+ 58. Kd4 Rxe6 59. Bxh5 Ng3 60. Bf3 Nf5+ 61. Kd5 Re7 62. Ra5 Ne3+ 63. Kc5 Re5+ 64. Kd4 Nc4 65. Ra8+ Kg7 66. Rb8 Kf6 67. Bd5 Re2 68. Rxb5 Nd6 69. Rb6 Ke7 70. Kd3 Re5 71. Bf3 Ra5 72. Rc6 Nf7 73. Rc7+ Kf6 74. Ke3 Ra3+ 75. Kd4 Ra4+ 76. Ke3 Ra3+ 77. Kd4 Ra4+ 1/2-1/2

[Event "Haninge"]
[Site "Haninge"]
[Date "1992.??.??"]
[Round "1"]
[White "Brynell, Stellan"]
[Black "Hansen, Lars Bo"]
[Result "1/2-1/2"]
[WhiteElo "2410"]
[BlackElo "2535"]
[PlyCount "45"]
[EventDate "1992.05.??"]
[Source "ChessBase"]

1. e4 c6 2. d4 d5 3. exd5 cxd5 4. Bd3 Nc6 5. c3 Nf6 6. Bf4 Bg4 7. Qb3 Qd7 8. Nd2 e6 9. Ngf3 Bxf3 10. Nxf3 Bd6 11. Bxd6 Qxd6 12. Qxb7 Rb8 13. Qa6 O-O 14. O-O Rb6 15. Qa4 Rxb2 16. Rab1 Rfb8 17. g3 Qc7 18. Qa3 Rxb1 19. Rxb1 Rxb1+ 20. Bxb1 g6 21. Bd3 Kg7 22. Kg2 h6 23. h3 1/2-1/2

[Event "Lone Pine op"]
[Site "Lone Pine"]
[Date "1975.??.??"]
[Round "3"]
[White "Torre, Eugenio"]
[Black "Biyiasas, Peter"]
[Result "1/2-1/2"]
[WhiteElo "2515"]
[BlackElo "2430"]
[PlyCount "96"]
[EventDate "1975.??.??"]
[Source "ChessBase"]

1. e4 c6 2. d4 d5 3. exd5 cxd5 4. Bd3 Nc6 5. c3 Nf6 6. Bf4 Bg4 7. Qb3 Qc8 8. Nd2 e6 9. Ngf3 Bh5 10. O-O Be7 11. Rfe1 O-O 12. Ne5 Nxe5 13. Bxe5 Bg6 14. Bxg6 hxg6 15. Nf3 Ne4 16. Re2 Qc6 17. Bf4 g5 18. Bg3 f6 19. Nd2 Nxd2 20. Rxd2 Rfe8 21. Re1 Kf7 22. Qd1 g6 23. Qf3 Bf8 24. Rde2 Bg7 25. h4 gxh4 26. Bxh4 Re7 27. g4 Qe8 28. Bxf6 Bxf6 29. g5 Qh8 30. Kg2 Rf8 31. Rh1 Qg7 32. gxf6 Qxf6 33. Rh7+ Ke8 34. Qxf6 Rxf6 35. Rxe7+ Kxe7 36. Kg3 Rf5 37. Re5 Kf6 38. Re3 Rg5+ 39. Kh2 b5 40. Rf3+ Rf5 41. Kg3 Rxf3+ 42. Kxf3 Kf5 43. Kg3 a5 44. f3 a4 45. Kg2 Kf4 46. Kf2 g5 47. a3 g4 48. fxg4 Kxg4 1/2-1/2

[Event "Elista ol (Men)"]
[Site "Elista"]
[Date "1998.10.11"]
[Round "12"]
[White "Magomedov, Magaram"]
[Black "Bagheri, Amir"]
[Result "1/2-1/2"]
[WhiteElo "2540"]
[BlackElo "2405"]
[PlyCount "51"]
[EventDate "1998.09.29"]
[Source "ChessBase"]
[SourceDate "1998.11.06"]

1. e4 c6 2. d4 d5 3. exd5 cxd5 4. Bd3 Nc6 5. c3 Nf6 6. Bf4 Bg4 7. Qb3 Qd7 8. Nd2 e6 9. Ngf3 Bxf3 10. Nxf3 Bd6 11. Bxd6 Qxd6 12. O-O O-O 13. Rfe1 Nd7 14. a4 Rfd8 15. a5 a6 16. Bf1 Re8 17. g3 Qc7 18. Qa4 Rad8 19. Bg2 Nf6 20. Nd2 h5 21. Nf1 h4 22. Ne3 g6 23. Red1 hxg3 24. hxg3 Ne7 25. c4 Nf5 26. Nxf5 1/2-1/2

[Event "Sochi"]
[Site "Sochi"]
[Date "1986.??.??"]
[Round "13"]
[White "Yakovich, Yuri"]
[Black "Hodgson, Julian M"]
[Result "1/2-1/2"]
[WhiteElo "2440"]
[BlackElo "2500"]
[PlyCount "30"]
[EventDate "1986.09.??"]
[Source "ChessBase"]

1. e4 c6 2. d4 d5 3. exd5 cxd5 4. Bd3 Nc6 5. c3 Nf6 6. Bf4 Bg4 7. Qb3 Qd7 8. Nd2 e6 9. Ngf3 Bxf3 10. Nxf3 Bd6 11. Bxd6 Qxd6 12. O-O Rb8 13. a4 O-O 14. a5 Rfe8 15. Rfe1 Nd7 1/2-1/2

[Event "Sao Paulo"]
[Site "Sao Paulo BRA"]
[Date "1973.??.??"]
[Round "12"]
[White "Biyiasas, Peter"]
[Black "Ivkov, Borislav"]
[Result "1/2-1/2"]
[WhiteElo "2420"]
[BlackElo "2520"]
[PlyCount "33"]
[EventDate "1973.??.??"]
[Source "www.chesslib.no"]
[SourceDate "2004.05.04"]

1. e4 c6 2. d4 d5 3. exd5 cxd5 4. Bd3 Nc6 5. c3 Nf6 6. Bf4 Bg4 7. Qb3 Na5 8. Qa4+ Bd7 9. Qc2 Qb6 10. a4 Rc8 11. b3 Bg4 12. Nd2 Nc6 13. Ngf3 Bxf3 14. Nxf3 g6 15. O-O Bg7 16. Qa2 a6 17. a5 1/2-1/2

[Event "CZE-ch"]
[Site "Turnov"]
[Date "1996.??.??"]
[Round "2"]
[White "Mokry, Karel"]
[Black "Meduna, Eduard"]
[Result "1/2-1/2"]
[WhiteElo "2505"]
[BlackElo "2435"]
[PlyCount "29"]
[EventDate "1996.??.??"]
[Source "ChessBase"]

1. e4 c6 2. d4 d5 3. exd5 cxd5 4. Bd3 Nc6 5. c3 Nf6 6. Bf4 Bg4 7. Qb3 Qc8 8. Nd2 e6 9. Ngf3 Be7 10. O-O O-O 11. Rfe1 Bh5 12. Ne5 Nxe5 13. dxe5 Nd7 14. Qc2 Bg6 15. Bxg6 1/2-1/2

[Event "FRA-ch"]
[Site "Narbonne"]
[Date "1997.08.29"]
[Round "14"]
[White "Degraeve, Jean Marc"]
[Black "Fontaine, Robert"]
[Result "1-0"]
[WhiteElo "2540"]
[BlackElo "2395"]
[PlyCount "115"]
[EventDate "1997.08.15"]
[Source "ChessBase"]
[SourceDate "1997.11.23"]

1. e4 c6 2. d4 d5 3. exd5 cxd5 4. Bd3 Nc6 5. c3 Nf6 6. Bf4 Bg4 7. Qb3 Na5 8. Qa4+ Bd7 9. Qc2 Qb6 10. Nf3 Bb5 11. Bxb5+ Qxb5 12. Na3 Qa6 13. Qa4+ Nc6 14. Qxa6 bxa6 15. Ne5 Nxe5 16. Bxe5 Nd7 17. Bg3 e6 18. Nc2 Nf6 19. O-O-O Kd7 20. Ne1 Ne4 21. Nd3 Bd6 22. Bxd6 Kxd6 23. f3 Nf6 24. Nc5 Nd7 25. Nxa6 Rhc8 26. Kc2 Rc4 27. b4 Rac8 28. Nc5 a5 29. a3 axb4 30. axb4 e5 31. dxe5+ Nxe5 32. Kb3 Rb8 33. Ne4+ Kc6 34. Nd2 Rf4 35. Ra1 Rb6 36. Ra5 Nd7 37. Rd1 Rb5 38. Rxb5 Kxb5 39. Nf1 Nb6 40. Ne3 Kc6 41. Rd4 Rxd4 42. cxd4 g6 43. Nd1 Nc4 44. Ka4 h5 45. b5+ Kd6 46. Kb4 g5 47. Nc3 f5 48. Ne2 h4 49. g4 f4 50. Ng1 Nd2 51. Kc3 Nf1 52. Kd3 Kc7 53. Nh3 Ne3 54. Nxg5 Ng2 55. Ne6+ Kd6 56. b6 Kc6 57. g5 Ne3 58. g6 1-0

[Event "ICS"]
[Site "ICS"]
[Date "1995.??.??"]
[Round "?"]
[White "La Flair, Roger"]
[Black "Dzindzichashvili, Roman"]
[Result "0-1"]
[WhiteElo "2390"]
[BlackElo "2545"]
[PlyCount "56"]
[EventDate "1995.??.??"]
[Source "www.chesslib.no"]
[SourceDate "2004.05.04"]

1. e4 c6 2. d4 d5 3. exd5 cxd5 4. Bd3 Nc6 5. c3 Nf6 6. Bf4 Bg4 7. Qb3 Qd7 8. Nd2 e6 9. Ngf3 Bxf3 10. Nxf3 Bd6 11. Bxd6 Qxd6 12. O-O O-O 13. Rae1 Rab8 14. Ne5 Qc7 15. f4 b5 16. Rf3 g6 17. Rh3 b4 18. Qc2 bxc3 19. bxc3 Rfc8 20. Qf2 Qd8 21. Qh4 Nh5 22. Qg4 f5 23. Qe2 Nxf4 24. Qe3 Nxh3+ 25. gxh3 Nxe5 26. Qxe5 Rc6 27. Kh1 Rb2 28. Rg1 Qc7 0-1

[Event "Biel Interzonal"]
[Site "Biel"]
[Date "1993.??.??"]
[Round "12"]
[White "Hamdouchi, Hichem"]
[Black "Brunner, Lucas"]
[Result "1/2-1/2"]
[WhiteElo "2455"]
[BlackElo "2475"]
[PlyCount "52"]
[EventDate "1993.07.??"]
[Source "ChessBase"]

1. e4 c6 2. d4 d5 3. exd5 cxd5 4. Bd3 Nc6 5. c3 Nf6 6. Bf4 Bg4 7. Qb3 Qd7 8. Nd2 e6 9. Ngf3 Bxf3 10. Nxf3 Bd6 11. Be5 Qc7 12. Bxf6 gxf6 13. O-O-O O-O-O 14. Kb1 Kb8 15. g3 f5 16. Rde1 Ka8 17. Qd1 Rc8 18. h3 h5 19. h4 Ne7 20. Ng5 Ng8 21. Be2 Nf6 22. Bf3 Rcg8 23. Rhg1 Ng4 24. Re2 Nh2 25. Bh1 Ng4 26. Bf3 Nh2 1/2-1/2

[Event "Odessa UKR"]
[Site "Odessa UKR"]
[Date "1976.??.??"]
[Round "?"]
[White "Lutikov, Anatoly S"]
[Black "Bilek, Istvan"]
[Result "1/2-1/2"]
[WhiteElo "2495"]
[BlackElo "2430"]
[PlyCount "32"]
[EventDate "1976.??.??"]
[Source "www.chesslib.no"]
[SourceDate "2004.05.04"]

1. e4 c6 2. d4 d5 3. exd5 cxd5 4. Bd3 Nc6 5. c3 Nf6 6. Bf4 Bg4 7. Ne2 Bh5 8. Qb3 Qd7 9. Nd2 e6 10. Bg3 Bg6 11. Nf4 Nh5 12. Be2 Nxf4 13. Bxf4 Be7 14. O-O O-O 15. Rfe1 Bd6 16. Bxd6 Qxd6 1/2-1/2

[Event "Evry"]
[Site "?"]
[Date "2005.02.24"]
[Round "5"]
[White "Inkiov Ventzislav"]
[Black "Velikov Petar"]
[Result "1/2-1/2"]
[WhiteElo "2495"]
[BlackElo "2430"]
[PlyCount "37"]
[EventDate "2005.??.??"]
[Source "www.chesslib.no"]
[SourceDate "2004.05.04"]

1. e4 c6 2. d4 d5 3. exd5 cxd5 4. Bd3 Nc6 5. c3 Nf6 6. Bf4 Bg4 7. Qb3 Qc8 8. Nd2 e6 9. Ngf3 Be7 10. O-O O-O 11. Ne5 Bh5 12. Qc2 Bg6 13. Nxg6 hxg6 14. Nf3 Qd8 15. Rfe1 Rc8 16. Qe2 Nh7 17. h4 Bxh4 18. g3 Bf6 19. Kg2 1/2-1/2

[Event "otb"]
[Site "otb"]
[Date "2007.03.10"]
[Round "8"]
[White "Lie Kjetil A"]
[Black "Ogaard Leif"]
[Result "1-0"]
[WhiteElo "2529"]
[BlackElo "2394"]
[PlyCount "65"]
[Source "www.chesslib.no"]
[SourceDate "2004.05.04"]

1. d4 d5 2. e4 c6 3. exd5 cxd5 4. Bd3 Nc6 5. c3 Nf6 6. Bf4 Bg4 7. Qb3 Qc8 8. Nd2 e6 9. Ngf3 Be7 10. O-O O-O 11. Ne5 Bh5 12. Rae1 Nxe5 13. Bxe5 Bg6 14. Bxg6 hxg6 15. Qd1 b5 16. Re3 a5 17. h4 Ra6 18. Rh3 b4 19. h5 bxc3 20. bxc3 Rc6 21. hxg6 fxg6 22. Qc2 g5 23. Qg6 Qe8 24. Qxg5 Qf7 25. Qh4 Qg6 26. Rb1 Qc2 27. Bxf6 Rxf6 28. Rb8+ Kf7 29. Qh8 Rf5 30. Qg8+ Kg6 31. Qh7+ Kf7 32. Rg3 Qd1+ 33. Nf1 1-0

[Event "Gothenburg"]
[Site "Gothenburg"]
[Date "1971.??.??"]
[Round "5"]
[White "Kinnmark, Ove"]
[Black "Pomar Salamanca, Arturo"]
[Result "1-0"]
[WhiteElo "2410"]
[BlackElo "2510"]
[PlyCount "77"]
[EventDate "1971.07.??"]
[Source "ChessBase"]

1. e4 c6 2. d4 d5 3. exd5 cxd5 4. Bd3 Nc6 5. c3 Nf6 6. Bf4 Bg4 7. Qb3 Qc8 8. Nd2 e6 9. Ngf3 Be7 10. h3 Bh5 11. O-O Bg6 12. Bxg6 hxg6 13. Rfe1 O-O 14. Re2 Rd8 15. Rae1 Nh5 16. Bh2 g5 17. Qc2 a5 18. Nf1 Ra6 19. Qd2 a4 20. Nxg5 a3 21. b3 Na7 22. g4 Nf6 23. Qd3 Rc6 24. Rc1 b5 25. Rec2 g6 26. Bf4 Qb7 27. b4 Nc8 28. Nd2 Nh7 29. Nxh7 Kxh7 30. Nb3 Rb6 31. Nc5 Qc6 32. Re1 Bd6 33. Qf3 Bxf4 34. Qxf4 Nd6 35. Qf6 Rg8 36. Rce2 Rg7 37. Qh4+ Kg8 38. Qd8+ Kh7 39. Nd7 1-0